Normal view
MARC view
Entry Personal Name
001 - CONTROL NUMBER
- control field: 716
003 - CONTROL NUMBER IDENTIFIER
- control field: OSt
005 - DATE AND TIME OF LATEST TRANSACTION
- control field: 20221115144355.0
008 - FIXED-LENGTH DATA ELEMENTS
- fixed length control field: 221115|| aca||aabn | a|a d
040 ## - CATALOGING SOURCE
- Original cataloging agency: OSt
- Transcribing agency: OSt
100 ## - HEADING--PERSONAL NAME
- Fuller form of name: Skinner, John F
670 ## - SOURCE DATA FOUND
- Source citation: Work cat.: (OSt)8307: Grice, George L. 714, Mastering public speaking. /, 2007.
